Normal view
MARC view
- Garlan, David
Entry Personal Name
001 - CONTROL NUMBER
- control field: 94934
003 - CONTROL NUMBER IDENTIFIER
- control field: NUST
005 - DATE AND TIME OF LATEST TRANSACTION
- control field: 20220725143438.0
008 - FIXED-LENGTH DATA ELEMENTS
- fixed length control field: 220725|| aca||aabn | a|a d
040 ## - CATALOGING SOURCE
- Original cataloging agency: NUST
- Transcribing agency: NUST
100 ## - HEADING--PERSONAL NAME
- Personal name: Garlan, David
670 ## - SOURCE DATA FOUND
- Source citation: Work cat.: (NUST)174707: Shaw, Mary, 94933, Software architecture :, c1996.
